banner-ar

ذيل خطط المقريزى / (Record no. 9877)

MARC details
000 -الفاتح
حقل البيانات ثابتة الطول 00924nam a2200277Ia 4500
008 - عناصر البيانات ثابتة الطول - معلومات عامة
حقل البيانات ثابتة الطول 140319s9999 xx 000 0 ara d
020 ## - الرقم الدولى المعيارى للكتب
الرقم الدولى المعيارى للكتاب 5403293977
040 ## - مصدر الفهرسة
وكالة الفهرسة الأصلية GCL /
وكالة النسخ GCL
082 04 - رقم تصنيف ديوى العشرى
رقم التصنيف ق
رقم المادة 916.2
-- ع ذ
100 1# - المدخل الرئيسى - إسم شخصى
الإسم الشخصى خالد عزب
245 10 - بيان العنوان
العنوان ذيل خطط المقريزى /
بيان المسئوليه,etc خالد عزب
700 1# - المدخل الاضافى - اسم شخصى
الإسم الشخصى عبدالحميد نافع
700 1# - المدخل الاضافى - اسم شخصى
الإسم الشخصى محمد السيد حمدى
250 ## - بيان الطبعة
بيان الطبعة الاولى
260 ## - PUBLICATION, DISTRIBUTION, ETC. (IMPRINT)
تاريخ النشر أو التوزيع 2006
300 ## - الوصف المادى
التعداد 238 ص ؛
أبعاد الوعاء 24 سم
650 04 - المدخل الاضافى بالموضوع-مصطلح موضوعى
مصطلح موضوعي القاهرة - شوارع
650 04 - المدخل الاضافى بالموضوع-مصطلح موضوعى
مصطلح موضوعي القاهرة - المدارس
650 04 - المدخل الاضافى بالموضوع-مصطلح موضوعى
مصطلح موضوعي القاهرة - اثار
650 04 - المدخل الاضافى بالموضوع-مصطلح موضوعى
مصطلح موضوعي القاهرة - تاريخ
650 04 - المدخل الاضافى بالموضوع-مصطلح موضوعى
مصطلح موضوعي القاهرة - المبانى التاريخية
650 04 - المدخل الاضافى بالموضوع-مصطلح موضوعى
مصطلح موضوعي القاهرة - قصور
650 04 - المدخل الاضافى بالموضوع-مصطلح موضوعى
مصطلح موضوعي القاهرة - حدائق عامة
942 ## - عناصر المدخل الإضافي( كوها)
مصدر التصنيف او مخطط الترفيف Dewey Decimal Classification
Koha [default] item type كتاب
260 ## - PUBLICATION, DISTRIBUTION, ETC. (IMPRINT)
-- القاهرة :
-- مكتبة الدار العربية للكتاب ،
Holdings
حالة التراجع حالة الفقد حالة تلف ليس للاعارة المكان المؤقت الموقع الحالى تاريخ الاكتساب اجمالي اﻻعارات رقم الطلب الباركود تاريخ اخر مشاهدة تاريخ تفعيل السعر نوع وعاء كوها
        مكتبة القاهرة الكبرى مكتبة القاهرة الكبرى 03/26/2014   ق\916.2\ع ذ 20376 03/26/2014 03/26/2014 كتاب
        مكتبة القاهرة الكبرى مكتبة القاهرة الكبرى 03/26/2014   ق\916.2\ع ذ 20377 03/26/2014 03/26/2014 كتاب

Powered By

EGPV